De patentes y piratas /

Acción Internacional por los Recursos Genéticos (Genetic Reources Action International (GRAIN) es una ONG que promueve formas de manejo y uso sustentable de la agroviodiversidad fundadas en el control de la gente a nivel local sobre sus recursos genéticos y los conocimientos asociados al mismo, pres...

Popoln opis

Shranjeno v:
Bibliografske podrobnosti
Korporativna značnica: Acción Internacional por los Recursos Genéticos
Format: Knjiga
Jezik:španščina
Teme:
Oznake: Označite
Brez oznak, prvi označite!

MARC

LEADER 00000nam^a2200000^a^4500
001 000154794
005 20250521000000.0
009 20260310100405.102
037 |a Acervo ITESO - Biblioteca 
041 |a ESP 
082 |a 346. 048  |b ACC 
110 |a Acción Internacional por los Recursos Genéticos 
245 1 0 |a De patentes y piratas /  |c Acción Internacional por los Recursos Genéticos ; tr. por Alberto Villarreal. 
264 |a Montevideo, Uruguay :  |b Acción Internacional por los Recursos Genéticos,  |c fecha no identificada 
300 |a 16 p. 
336 |a texto  |b txt  |2 rdacontenido 
337 |a sin mediación  |b n  |2 rdamedio 
338 |a volumen  |b nc  |2 rdasoporte 
520 |a Acción Internacional por los Recursos Genéticos (Genetic Reources Action International (GRAIN) es una ONG que promueve formas de manejo y uso sustentable de la agroviodiversidad fundadas en el control de la gente a nivel local sobre sus recursos genéticos y los conocimientos asociados al mismo, presenta en este documento diversos casos de de piratería de productos y patentes ilegales por empresas y o científicos que se valen de la ignorancia de la gente para lograr hacer el trámite y comercializar la mercancía en cuestión que en los casos expuestos van desde patentes sobre cultivos alimetarios con la soja, la brazzeina y el gen BT; patentes sobre animales con carne y huevos y Dolly; patentes sobre medicamentos como es el tepezcohuite y la cúrcuma así como patentes sobre seres humanos como el genoma humano, el bazo de John Moore y los portadores africanos de VIH. 
649 |a XX 
650 |a Investigación -  |x Aspectos Jurídicos 
650 |a Patentes -  |x Aspectos Jurídicos 
650 |a Propiedad Industrial 
650 |a Derecho de Autor 
650 |a Derecho de Propiedad 
650 |a Derecho Patrimonial 
650 |a Derecho Civil 
650 |a Derecho Internacional Privado 
650 |a Desarrollo Tecnológico 
650 |a Ingeniería Genética -  |x Aspectos Jurídicos 
650 |a Ingeniería Genética -  |x Aspectos Eticos 
650 |a Tejidos -  |x Industria y Comercio 
650 |a Biología 
650 |a Organizaciones No Gubernamentales 
650 |a Industria Alimenticia -  |x Aspectos Jurídicos 
650 |a Derechos Humanos 
650 |a Derecho a la Salud 
650 |a Derecho a la Información 
650 |a Organizaciones No Gubernamentales 
650 |a Derecho Privado 
910 |a Fondo General 
920 |a Impresos - Libros 
930 |a Colección General 
905 |a 101 
901 |a 0500086523  |b IT1  |c ACC  |u 20250521 
902 |a https://opac.biblio.iteso.mx/vufind/Record/000154794